Behavioral corporate finance : Decisions that create value
Behavioral Corporate Finance identifies the key psychological obstacles to value maximizing behavior, along with steps that managers can take to mitigate the effects of these obstacles. The main goal of the book is to help students learn how to put the traditional tools of corporate finance to their...
Guardado en:
| Autor principal: | |
|---|---|
| Formato: | Libro |
| Lenguaje: | Undetermined |
| Publicado: |
Boston
McGraw-Hill/Irwin
c2007
|
| Materias: | |
| Etiquetas: |
Agregar Etiqueta
Sin Etiquetas, Sea el primero en etiquetar este registro!
|
| Thư viện lưu trữ: | Trung tâm Học liệu Trường Đại học Cần Thơ |
|---|
| LEADER | 01020nam a2200229Ia 4500 | ||
|---|---|---|---|
| 001 | CTU_153316 | ||
| 008 | 210402s9999 xx 000 0 und d | ||
| 020 | |c 50.8 | ||
| 082 | |a 658.15 | ||
| 082 | |b S542 | ||
| 100 | |a Shefrin, Hersh | ||
| 245 | 0 | |a Behavioral corporate finance : | |
| 245 | 0 | |b Decisions that create value | |
| 245 | 0 | |c Hersh Shefrin | |
| 260 | |a Boston | ||
| 260 | |b McGraw-Hill/Irwin | ||
| 260 | |c c2007 | ||
| 520 | |a Behavioral Corporate Finance identifies the key psychological obstacles to value maximizing behavior, along with steps that managers can take to mitigate the effects of these obstacles. The main goal of the book is to help students learn how to put the traditional tools of corporate finance to their best use, and mitigate the effects of psychological obstacles that reduce value | ||
| 650 | |a Corporations,Decision making,Quản lý tài chính | ||
| 650 | |x Finance,Psychological aspects | ||
| 904 | |i Nguyên | ||
| 980 | |a Trung tâm Học liệu Trường Đại học Cần Thơ | ||